Bé khám phá môi trường xung quanh Dành cho trẻ 3-4 tuổi Chủ đề nước và hiện tượng thời tiết

সংরক্ষণ করুন:
গ্রন্থ-পঞ্জীর বিবরন
প্রধান লেখক: Trần, Thị Ngọc Trâm
অন্যান্য লেখক: Hoàng, Thị Thu Hương
বিন্যাস: গ্রন্থ
ভাষা:Undetermined
প্রকাশিত: H. Giáo dục 2007
বিষয়গুলি:
অনলাইন ব্যবহার করুন:http://lrc.tdmu.edu.vn/opac/search/detail.asp?aID=2&ID=4140
ট্যাগগুলো: ট্যাগ যুক্ত করুন
কোনো ট্যাগ নেই, প্রথমজন হিসাবে ট্যাগ করুন!
Thư viện lưu trữ: Trung tâm Học liệu Trường Đại học Thủ Dầu Một
LEADER 00789nam a2200229Ia 4500
001 TDMU_4140
008 210410s9999 xx 000 0 und d
082 |a 372.2135 
090 |b TR121 
100 |a Trần, Thị Ngọc Trâm 
245 0 |a Bé khám phá môi trường xung quanh 
245 0 |b Dành cho trẻ 3-4 tuổi 
245 0 |c Trần Thị Ngọc Trâm 
245 0 |p Chủ đề nước và hiện tượng thời tiết 
260 |a H. 
260 |b Giáo dục 
260 |c 2007 
300 |a 8tr. 
650 |a Giáo dục mầm non  |x Khoa học 
700 |a Hoàng, Thị Thu Hương 
856 |u http://lrc.tdmu.edu.vn/opac/search/detail.asp?aID=2&ID=4140 
980 |a Trung tâm Học liệu Trường Đại học Thủ Dầu Một